000 00636nam a22001697a 4500
003 OSt
005 20171010095443.0
008 120614t xxu||||| |||| 00| 0 eng d
040 _aMMSU
_cULS
100 _aCorpuz, Joanne Rose T.
_910317
245 _aA Study on the drying storage characteristics and determination of the drying kinetics of banana blossom from musa paradisiaca
_cJoanne Rose T. Corpuz
260 _c2006
300 _ax, 47 leaves
_c28 cm.
500 _aThesis (BS Chemical Engineering) -- Mariano Marcos State University-College of Engineering, Batac City
504 _aBibliography: leaves 36-37
942 _2ddc
_cS
999 _c9561
_d9561